Actrices con más nominaciones a los premios Oscar - Estadísticas

Estadísticas generales
  • Esta prueba ha sido intentada 167 veces
  • La puntuación promedio es 6 de 15
Estadísticas de respuestas
Nº Nominaciones Primera Nominación Última Nominación Actriz % Correcto
21 El Cazador Los Archivos del Pentágono Meryl Streep
98%
12 Gloria de un Día En El Estanque Dorado Katharine Hepburn
70%
7 Elizabeth Carol Cate Blanchett
60%
10 Peligrosa ¿Qué fue de Baby Jane? Bette Davis
58%
7 Sentido y Sensibilidad Steve Jobs Kate Winslet
55%
6 Otelo Gosford Park Maggie Smith
48%
7 Mrs Brown Philomena Judi Dench
44%
7 ¿Por Quién Doblan las Campanas? Sonata de Otoño Ingrid Bergman
39%
7 Danzad, Danzad, Malditos A La Mañana Siguiente Jane Fonda
38%
7 El Mundo Según Garp La Buena Esposa Glenn Close
33%
6 Tootsie Blue Sky Jessica Lange
32%
6 La Última Película Requiem Por un Sueño Ellen Burstyn
22%
6 Isadora Regreso a Howard´s End Vanessa Redgrave
22%
8 Hondo Regreso a Bountiful Geraldine Page
13%
7 Adiós, Mr Chips Sunrise at Campobello Greer Garson
8%
No se encontraron pruebas coincidentes
Distribución de puntuación
Porcentaje de gente con cada puntuación
Porcentaje por número respondido
Historial de tus puntuaciones
No has intentado esta prueba.